Betriebliche Investitionswirtschaft : Systematische Planung, Entscheidung und Kontrolle von Investitionen. Band 15 /
Gespeichert in:
| 1. Verfasser: | |
|---|---|
| Format: | Buch |
| Sprache: | Deutsch |
| Veröffentlicht: |
Stuttgart :
Taylorix Fachverlag,
1992
|
| Ausgabe: | 6.Auflage |
| Schlagworte: | |
| Tags: |
Keine Tags, Fügen Sie das erste Tag hinzu!
|
MARC
| LEADER | 00000nam a22000003a 4500 | ||
|---|---|---|---|
| 001 | stu41204 | ||
| 005 | 20150617225719.5 | ||
| 008 | 931109s1992----gw------------------ger-d | ||
| 020 | |a 3-7992-0424-5 | ||
| 040 | |a STU |b slo | ||
| 041 | 0 | |a ger | |
| 044 | |a gw | ||
| 080 | |a 330.322 |7 stu_us_auth*stu5474 | ||
| 080 | |a 658 | ||
| 100 | 1 | |a Müller-Hedrich, Bernd W |4 aut | |
| 245 | 1 | |a Betriebliche Investitionswirtschaft : |b Systematische Planung, Entscheidung und Kontrolle von Investitionen. Band 15 / |c [aut.]Bernd W. Müller-Hedrich | |
| 250 | |a 6.Auflage | ||
| 260 | |a Stuttgart : |b Taylorix Fachverlag, |c 1992 | ||
| 300 | |a 271 s | ||
| 650 | 7 | |a investície |2 stusub | |
| 650 | 7 | |a hospodárstvo podnikové |2 stusub | |
| 996 | |b M 27018 |c M*8366-1 |l MMKN |s A |a 24 |w stu41204_0001 | ||